000 01191naa a22003377a 4500
001 BR6008470
003 BR-BrBNA
005 20240918172935.0
007 ta
008 230509b bl.||||| |||| 00| 0 por d
040 _aBR-BrBNA
_bpor
_cBiblioteca Nacional de Agricultura
041 _a(Pt)
072 _aE30; E10
_b3575
_b3530
_bG514
090 _aE30 BR6008470
100 1 _aSilva, P.M. e
100 1 _aMaranhao, L.F.A.
111 1 _aEncontro Regional do PLANASEM Nordeste
_cRecife, PE (Brazil)
_d1 Feb 1977
245 1 _aInstrumentos da politica agricola [preco, credito agricola, semente, muda, incentivo fiscal, Brasil]
260 3 _aBrasilia, DF (Brasil):
_c1977.
500 _aAnais do Encontro Regional do PLANASEM Nordeste Brasilia, DF (Brasil): 1977. p. 126-137 (BR6008470-AM)E30
650 _aDESENVOLVIMENTO AGRICOLA
650 _aPOLITICA AGRICOLA
650 _aPRECO
650 _aCREDITO AGRICOLA
650 _aINCENTIVO FISCAL
650 _aSEMENTE
650 _aMUDA
773 0 _tAnais do Encontro Regional do PLANASEM Nordeste
_wE30 BR6008470
_gBrasilia, DF (Brasil), 1977. p. 126-137
909 _a202404
_bLucia
_c55
_dLucia Elande
942 _cAM
_2AGRIS
999 _c302163
_d302163